000 00324nam a2200121Ia 4500
008 150202s9999 xx 000 0 und d
050 _aFIC
_bFIC
100 _aCleve, John.
245 4 _aThe crusader :
_cJohn Clive.
260 _aNew York :
_bDel Grove Books,
_c1974.
300 _a173 pages :
_c18 cm.
650 _aFiction.
999 _c281940
_d281940